Rèn luyện kỹ năng thích nghi trí tuệ cho học sinh trong dạy học môn toán theo lý thuyết khám phá /

保存先:
書誌詳細
第一著者: Nguyễn Viết Dũng, ThS.
フォーマット: 論文
言語:Vietnamese
主題:
タグ: タグ追加
タグなし, このレコードへの初めてのタグを付けませんか!
Thư viện lưu trữ: Thư viện Trường Đại học Đà Lạt
LEADER 00859nam a2200265 4500
001 DLU130158049
005 ##20131217
040 # # |a DLU  |b vie 
041 # # |a vie 
044 # # |a vn 
100 # # |a Nguyễn Viết Dũng,   |c ThS. 
245 # # |a Rèn luyện kỹ năng thích nghi trí tuệ cho học sinh trong dạy học môn toán theo lý thuyết khám phá /  |c Nguyễn Viết Dũng. 
653 # # |a Kĩ năng tư duy 
653 # # |a Phương pháp giảng dạy môn Toán học 
653 # # |a Trí tuệ 
773 # # |t Tạp chí Giáo dục   |g Số 294(9), 2012, tr. 42-44 
920 # # |a Phòng Tạp chí -- Trung tâm Thông tin - Thư viện Trường Đại học Đà Lạt 
994 # # |a DLU 
900 # # |a True 
911 # # |a Nguyễn Thị Linh Chi 
925 # # |a G 
926 # # |a A 
927 # # |a BB 
980 # # |a Thư viện Trường Đại học Đà Lạt